00826cam a2200253 a 45000010008000000030012000080050017000200080041000370100017000780200015000950400022001100500021001320820019001531000032001722450066002042500012002702600036002823000032003185040051003506500029004016500016004306500047004468560079004934963497NUST - PNEC20170116181113.0970915s1998 maua b 001 0 eng  a 97031812  a0534951651 aDLCcLIBRARYdDLC00aTS183b.E47 199800a670.42 ELW2211 aEl Wakil, Sherif D.,d1944-10aProcesses and design for manufacturing /cSherif D. El Wakil. a2nd ed. aBoston :bPWS Pub. Co.,cc1998. ax, 614 p. :bill. ;c25 cm. aIncludes bibliographical references and index. 0aManufacturing processes. 0aMetal-work. 0aComputer integrated manufacturing systems.413Table of contents onlyuhttp://www.loc.gov/catdir/toc/fy0712/97031812.html